[Event "29. Schweinfurt Open"]
[Site "Schweinfurt"]
[Date "2019.06.20"]
[Round "2.26"]
[White "Memmel, Stefan"]
[Black "Reichert, Claudia"]
[Result "0-1"]
[WhiteElo "1365"]
[BlackElo "1682"]
[PlyCount "50"]
[EventDate "2019.??.??"]
[WhiteTeam "SK Schweinfurt 2000"]
[BlackTeam "DT Münnerstadt"]

1. e4 e6 2. d4 d5 3. exd5 exd5 4. Nf3 g6 5. Be2 Bg7 6. O-O Nf6 7. Re1 O-O 8.
Nc3 Nc6 9. Bg5 Bf5 10. a3 a6 11. Bd3 Bxd3 12. Qxd3 Qd6 13. Bh4 Rfe8 14. Bg3 Qd7
15. h3 Nh5 16. Bh2 f5 17. Ne2 Re7 18. c3 Rae8 19. Kf1 b5 20. Nf4 Nxf4 21. Bxf4
Na5 22. Re2 Rxe2 23. Qxe2 Rxe2 24. Kxe2 Qe7+ 25. Kd3 Qe4+ 0-1

[Event "29. Schweinfurt Open"]
[Site "Schweinfurt"]
[Date "2019.06.20"]
[Round "2.27"]
[White "Braetz, Yannick"]
[Black "Ankenbrand, Franz"]
[Result "1-0"]
[WhiteElo "1669"]
[BlackElo "1360"]
[PlyCount "55"]
[EventDate "2019.??.??"]
[WhiteTeam "SK Schweinfurt 2000"]
[BlackTeam "SF Zeiler Turm"]

1. e4 b6 2. d4 Bb7 3. Bd3 e6 4. c4 d6 5. Nf3 Nd7 6. Nc3 c5 7. d5 exd5 8. exd5
Ngf6 9. O-O Be7 10. Re1 O-O 11. Bf4 Re8 12. Nb5 Qb8 13. Rxe7 Rxe7 14. Bxd6 Qe8
15. Nc7 Qd8 16. Nxa8 Bxa8 17. Bxe7 Qxe7 18. Qe2 Qd6 19. Re1 Kf8 20. Ne5 g6 21.
Bc2 Bb7 22. Ba4 a6 23. Nxd7+ Nxd7 24. Bxd7 Qxd7 25. Qe5 Kg8 26. Qe8+ Qxe8 27.
Rxe8+ Kg7 28. Rb8 1-0

[Event "29. Schweinfurt Open"]
[Site "Schweinfurt"]
[Date "2019.06.20"]
[Round "2.28"]
[White "Buld, Lukas"]
[Black "Koehler, Michael"]
[Result "0-1"]
[WhiteElo "1227"]
[BlackElo "1625"]
[PlyCount "76"]
[EventDate "2019.??.??"]
[WhiteTeam "SC Knetzgau"]
[BlackTeam "SC Prichsenstadt"]

1. d4 Nf6 2. c4 e6 3. Nf3 b6 4. e3 Bb7 5. Be2 c5 6. O-O Be7 7. Nc3 O-O 8. h3 d6
9. Qd3 Nbd7 10. d5 exd5 11. cxd5 Ne5 12. Nxe5 dxe5 13. e4 h6 14. Qg3 Kh8 15.
Qxe5 Bd6 16. Qf5 Bc8 17. Qf3 Nd7 18. Nb5 Ne5 19. Qc3 Bb8 20. Bf4 Qf6 21. Bg3
Re8 22. Rad1 a6 23. Na3 Qg6 24. Nc4 Nxc4 25. Bxb8 Nxb2 26. Qxb2 Rxb8 27. f3 b5
28. Kh1 c4 29. Bxc4 Bxh3 30. gxh3 bxc4 31. Qg2 Qf6 32. Rc1 Rb2 33. Rc2 c3 34.
Rxb2 cxb2 35. Rb1 Rb8 36. Qe2 Qc3 37. d6 Qc1+ 38. Rxc1 bxc1=Q+ 0-1

[Event "29. Schweinfurt Open"]
[Site "Schweinfurt"]
[Date "2019.06.20"]
[Round "2.29"]
[White "Roth, Ludwig"]
[Black "Roth, Claudia"]
[Result "1-0"]
[WhiteElo "1562"]
[BlackElo "1052"]
[PlyCount "85"]
[EventDate "2019.??.??"]
[WhiteTeam "Spvgg Stetten"]
[BlackTeam "Spvgg Stetten"]

1. e4 c5 2. Nf3 Nc6 3. d4 cxd4 4. Nxd4 Nf6 5. Nc3 a6 6. Be3 b5 7. Nxc6 dxc6 8.
Qxd8+ Kxd8 9. Bb6+ Ke8 10. O-O-O Nd7 11. Ba5 e6 12. f4 Bc5 13. e5 Be3+ 14. Kb1
Bxf4 15. g3 Bxe5 16. Bg2 Bb7 17. Rd3 Nc5 18. Rd2 Bxc3 19. bxc3 f6 20. Rhd1 Ke7
21. Bb4 a5 22. Bxc5+ Kf7 23. Rd7+ Kg6 24. Rxb7 Rad8 25. Rbd7 Rxd7 26. Rxd7 h6
27. Bd4 Rg8 28. Bxc6 e5 29. Be3 Rc8 30. Bxb5 Rxc3 31. Bd3+ f5 32. Rd6+ Kf7 33.
Bd2 Rc5 34. Bxf5 Ke7 35. Rd7+ Kf6 36. g4 g5 37. Ra7 Rb5+ 38. Kc1 a4 39. Ba5 e4
40. Bc3+ Re5 41. Ra5 e3 42. Rxe5 h5 43. Rxe3+ 1-0

[Event "29. Schweinfurt Open"]
[Site "Schweinfurt"]
[Date "2019.06.20"]
[Round "2.30"]
[White "Alekhin, Evgenii"]
[Black "Maar, Felicitas"]
[Result "0-1"]
[WhiteElo "1051"]
[BlackElo "1609"]
[PlyCount "48"]
[EventDate "2019.??.??"]
[WhiteTeam "^SK Schweinfurt 2000"]
[BlackTeam "Mündener SC"]

1. e4 e5 2. Nf3 Nc6 3. d4 exd4 4. Nxd4 Bc5 5. Nxc6 bxc6 6. Bc4 Qf6 7. O-O Ne7
8. Qg4 d5 9. Qe2 dxc4 10. Qxc4 Bd4 11. g3 Bh3 12. Bg5 Qxg5 13. Qxd4 Bxf1 14.
Kxf1 O-O 15. Nd2 Rfd8 16. Qb4 Rxd2 17. h4 Qb5+ 18. Qxb5 cxb5 19. c4 Rad8 20.
Ke1 Rxb2 21. cxb5 Rdd2 22. b6 axb6 23. a4 Rxf2 24. Rd1 Rbe2# 0-1

[Event "29. Schweinfurt Open"]
[Site "Schweinfurt"]
[Date "2019.06.20"]
[Round "2.31"]
[White "Leichum, Engelbert"]
[Black "Burzler, Fabian"]
[Result "1-0"]
[WhiteElo "1601"]
[BlackElo "890"]
[PlyCount "39"]
[EventDate "2019.??.??"]
[WhiteTeam "(vls) Frankfurt"]
[BlackTeam "SC Prichsenstadt / SW"]

1. e4 c5 2. a3 e6 3. b4 Nc6 4. Bb2 Nf6 5. b5 Na5 6. e5 Ne4 7. d3 Ng5 8. f4 d6
9. fxg5 Qxg5 10. Nf3 Qe3+ 11. Be2 b6 12. Bc1 Qxc1 13. Qxc1 dxe5 14. O-O Bd6 15.
Qe3 f6 16. Nbd2 O-O 17. Ne4 Bc7 18. Neg5 Kh8 19. Qe4 Bb7 20. Qxh7# 1-0

[Event "29. Schweinfurt Open"]
[Site "Schweinfurt"]
[Date "2019.06.20"]
[Round "2.32"]
[White "Bokov, Igor"]
[Black "Kiesel, Jannik"]
[Result "0-1"]
[WhiteElo "796"]
[BlackElo "1579"]
[PlyCount "68"]
[EventDate "2019.??.??"]
[WhiteTeam "SK Schweinfurt 2000"]
[BlackTeam "DT Münnerstadt"]

1. e4 e6 2. Nc3 d5 3. e5 c5 4. Nb5 Qb6 5. b3 Bd7 6. a4 a6 7. Nc3 Nc6 8. Nf3
Nge7 9. Na2 Ng6 10. Bb2 d4 11. c3 Ngxe5 12. cxd4 Nxf3+ 13. Qxf3 Nxd4 14. Bxd4
cxd4 15. Bc4 Be7 16. Bd3 Bc6 17. Qh3 Qxb3 18. Nc1 Qb6 19. f3 h6 20. O-O O-O 21.
Qh5 Bd5 22. Rb1 Qc6 23. Nb3 Rab8 24. Nxd4 Bc5 25. Qe5 Qxa4 26. Kh1 Qxd4 27.
Qxd4 Bxd4 28. Rb4 Bc5 29. Rg4 a5 30. Be4 Bxe4 31. fxe4 Rfd8 32. g3 Rxd2 33.
Rgf4 f6 34. e5 f5 0-1

[Event "29. Schweinfurt Open"]
[Site "Schweinfurt"]
[Date "2019.06.21"]
[Round "3.1"]
[White "Schmitz, Wolfgang"]
[Black "Peschel, Andreas"]
[Result "0-1"]
[WhiteElo "2017"]
[BlackElo "2170"]
[PlyCount "58"]
[EventDate "2019.??.??"]
[WhiteTeam "SC Prichsenstadt"]
[BlackTeam "SG Solingen"]

1. e4 c5 2. Nf3 e6 3. d4 cxd4 4. Nxd4 a6 5. c4 Nf6 6. Nc3 Bb4 7. e5 Ne4 8. Qf3
Qa5 9. Qxe4 Bxc3+ 10. Kd1 Bxd4 11. Qxd4 Nc6 12. Qd6 Qxe5 13. Qxe5 Nxe5 14. Bf4
Ng4 15. Bg3 f5 16. c5 b6 17. cxb6 f4 18. Be2 fxg3 19. Bxg4 gxf2 20. Bf3 Rb8 21.
Rc1 O-O 22. Rf1 Rxb6 23. Rxf2 Bb7 24. b3 e5 25. Rd2 e4 26. Bg4 Rf1+ 27. Kc2
Rc6+ 28. Kb2 Rfxc1 29. Rxd7 Rc7 0-1

[Event "29. Schweinfurt Open"]
[Site "Schweinfurt"]
[Date "2019.06.21"]
[Round "3.2"]
[White "Roth, Jakob"]
[Black "Helm, Timo"]
[Result "1/2-1/2"]
[WhiteElo "1888"]
[BlackElo "2109"]
[PlyCount "73"]
[EventDate "2019.??.??"]
[WhiteTeam "Spvgg Stetten"]
[BlackTeam "SC Bad Königshofen / NES"]

1. d4 d5 2. c4 e6 3. Nc3 Nf6 4. cxd5 exd5 5. Bg5 Be7 6. e3 c6 7. Bd3 h6 8. Bf4
O-O 9. Qc2 Be6 10. Nge2 Nbd7 11. h3 c5 12. O-O a6 13. dxc5 Nxc5 14. Nd4 Nxd3
15. Qxd3 Bd6 16. Bxd6 Qxd6 17. Rfd1 Rfd8 18. Rd2 b5 19. a3 Rac8 20. Rad1 Rc4
21. Nde2 Qe5 22. Ng3 Rdc8 23. Qe2 h5 24. f4 Qc7 25. Nxh5 Ne4 26. Nxe4 Rxe4 27.
g4 Qc5 28. Kf2 f6 29. b4 Qb6 30. Rd4 Rxd4 31. Rxd4 Rc3 32. Rd3 Qc6 33. f5 Bf7
34. Nf4 Rc2 35. Rd2 Rc3 36. Rd3 Rc1 37. Rd1 1/2-1/2

[Event "29. Schweinfurt Open"]
[Site "Schweinfurt"]
[Date "2019.06.21"]
[Round "3.4"]
[White "Eichenauer, Pascal"]
[Black "Milovanovic, Milos"]
[Result "1-0"]
[WhiteElo "1822"]
[BlackElo "2025"]
[PlyCount "121"]
[EventDate "2019.??.??"]
[WhiteTeam "SV Würzburg"]
[BlackTeam "SF Gottmadingen"]

1. d4 Nf6 2. c4 g6 3. Nc3 Bg7 4. e4 d6 5. Nf3 O-O 6. Be2 e5 7. d5 a5 8. Be3 Na6
9. Nd2 c6 10. a3 Ne8 11. b4 f5 12. f3 Bd7 13. Qb3 axb4 14. axb4 Qh4+ 15. Bf2
Qg5 16. dxc6 Bxc6 17. Qb2 Nac7 18. Rxa8 Nxa8 19. O-O Nac7 20. c5 Bd7 21. cxd6
Nxd6 22. Bc5 Rf6 23. Nc4 Nxc4 24. Bxc4+ Be6 25. Nd5 Rf7 26. Bb6 Ne8 27. Ra1
fxe4 28. Ra8 Rf8 29. Be3 Qh4 30. Bf2 Qh5 31. Bc5 Nd6 32. Rxf8+ Kxf8 33. Bxd6+
Kf7 34. Qf2 exf3 35. Qxf3+ Qf5 36. Qxf5+ gxf5 37. Kf2 b5 38. Ba2 e4 39. Bf4 Bf8
40. Be5 Bh6 41. g3 Bg5 42. Bf4 Bxf4 43. gxf4 Kg6 44. Nc3 Bd7 45. Nd5 Be6 46.
Ne7+ Kf7 47. Bxe6+ Kxe6 48. Nc6 Kd5 49. Ne7+ Ke6 50. Nxf5 Kxf5 51. Ke3 h6 52.
h3 h5 53. h4 Kg4 54. Kxe4 Kxh4 55. Kf3 Kh3 56. f5 Kh2 57. f6 h4 58. f7 h3 59.
f8=Q Kh1 60. Qg7 Kh2 61. Kf2 1-0

[Event "29. Schweinfurt Open"]
[Site "Schweinfurt"]
[Date "2019.06.21"]
[Round "3.5"]
[White "Weise, Martin"]
[Black "Krenz, Dieter"]
[Result "1-0"]
[WhiteElo "2122"]
[BlackElo "1927"]
[PlyCount "63"]
[EventDate "2019.??.??"]
[WhiteTeam "SC Fulda"]
[BlackTeam "SC Prichsenstadt"]

1. d4 e6 2. Bf4 d5 3. e3 Bd6 4. Bg3 Nf6 5. Nd2 O-O 6. Bd3 Nbd7 7. Ngf3 Re8 8.
Ne5 Qe7 9. f4 c5 10. c3 b6 11. Bh4 Bb7 12. Nxd7 Qxd7 13. Bxf6 gxf6 14. Qh5 f5
15. g4 f6 16. Rg1 Kh8 17. O-O-O cxd4 18. cxd4 Qa4 19. Kb1 Ba6 20. Bc2 Qd7 21.
gxf5 e5 22. fxe5 fxe5 23. f6 Rg8 24. dxe5 Bxe5 25. Qxe5 Qf7 26. Nf3 Rae8 27.
Rxg8+ Kxg8 28. Rg1+ Kh8 29. Qd4 h6 30. Rg7 Qe6 31. Rh7+ Kg8 32. f7+ 1-0

[Event "29. Schweinfurt Open"]
[Site "Schweinfurt"]
[Date "2019.06.21"]
[Round "3.6"]
[White "Hohner, Karl-Heinz"]
[Black "Lang, Stefan"]
[Result "0-1"]
[WhiteElo "1806"]
[BlackElo "2094"]
[PlyCount "42"]
[EventDate "2019.??.??"]
[WhiteTeam "(vls) Kronach"]
[BlackTeam "SK Bad Neustadt"]

1. d4 c5 2. d5 e5 3. dxe6 fxe6 4. e4 Nc6 5. Nf3 Nf6 6. Nc3 Be7 7. h3 d5 8. e5
Nd7 9. Bd3 c4 10. Be2 Ndxe5 11. Nxe5 Nxe5 12. Bh5+ g6 13. Qe2 Nf7 14. Bg4 e5
15. O-O h5 16. Bxc8 Rxc8 17. Rd1 d4 18. Qf3 Rc6 19. Nd5 O-O 20. Nxe7+ Qxe7 21.
Qe2 Qf6 0-1

[Event "29. Schweinfurt Open"]
[Site "Schweinfurt"]
[Date "2019.06.21"]
[Round "3.7"]
[White "Stadler, Andreas"]
[Black "Memmel, Guenther"]
[Result "1-0"]
[WhiteElo "2025"]
[BlackElo "1865"]
[PlyCount "49"]
[EventDate "2019.??.??"]
[WhiteTeam "SK München Südost"]
[BlackTeam "SK Schweinfurt 2000"]

1. c4 Nf6 2. Nf3 e6 3. g3 d5 4. d4 Bb4+ 5. Bd2 Qe7 6. Bg2 O-O 7. O-O Bxd2 8.
Nbxd2 b6 9. Ne5 Bb7 10. Qc2 Na6 11. Rac1 c5 12. Ndf3 Ne4 13. Rfd1 f6 14. Ng4
Rfc8 15. cxd5 exd5 16. Qb3 c4 17. Qc2 b5 18. Nd2 c3 19. Nxe4 cxb2 20. Nexf6+
gxf6 21. Qxb2 b4 22. Ne3 Nc7 23. Rc5 a5 24. Rdc1 Ne6 25. Nxd5 1-0

[Event "29. Schweinfurt Open"]
[Site "Schweinfurt"]
[Date "2019.06.21"]
[Round "3.8"]
[White "Minor, Viatcheslav"]
[Black "Schrutka, Friedrich"]
[Result "1-0"]
[WhiteElo "2032"]
[BlackElo "1794"]
[PlyCount "73"]
[EventDate "2019.??.??"]
[WhiteTeam "SV Eisenach"]
[BlackTeam "SF Bad Kissingen"]

1. e4 c5 2. c3 Nf6 3. e5 Nd5 4. d4 cxd4 5. Nf3 d3 6. Bxd3 e6 7. O-O d6 8. Qe2
Nc6 9. a3 dxe5 10. Nxe5 Qc7 11. Nxc6 bxc6 12. c4 Nf4 13. Bxf4 Qxf4 14. Nc3 Be7
15. g3 Qc7 16. b4 O-O 17. Rfe1 f5 18. c5 Bf6 19. Qc2 Kh8 20. Rac1 g5 21. Bc4 e5
22. Rcd1 Be7 23. Qe2 e4 24. f3 Bf6 25. Nb1 exf3 26. Qxf3 g4 27. Qf4 Qg7 28. Rd6
Bd7 29. a4 Rac8 30. Qd2 Be8 31. Be6 Rc7 32. Rf1 Bg5 33. Qe2 Re7 34. Qc4 Be3+
35. Kh1 Qe5 36. Qc3 Rxe6 37. Rxe6 1-0

[Event "29. Schweinfurt Open"]
[Site "Schweinfurt"]
[Date "2019.06.21"]
[Round "3.9"]
[White "Maar, Samuel"]
[Black "Hasselbacher, Uwe"]
[Result "1-0"]
[WhiteElo "1966"]
[BlackElo "1766"]
[PlyCount "73"]
[EventDate "2019.??.??"]
[WhiteTeam "Sfr. Bad Emstal/Wolfhagen"]
[BlackTeam "SC Fulda"]

1. e4 c5 2. Nf3 Nc6 3. d4 cxd4 4. Nxd4 e5 5. Nb5 d6 6. N1c3 a6 7. Na3 b5 8. Nd5
Nf6 9. Bg5 Be7 10. Bxf6 gxf6 11. Qd3 Be6 12. c3 Rb8 13. Nc2 Qd7 14. Nce3 Rg8
15. Rd1 Rd8 16. a4 Na7 17. axb5 axb5 18. Be2 Kf8 19. O-O Rb8 20. f4 Nc8 21. Rf3
Rg7 22. c4 bxc4 23. Nxc4 Bxd5 24. Qxd5 Qg4 25. Ne3 Qd7 26. Nf5 Qa7+ 27. Kh1 Nb6
28. Qd2 Rg6 29. Ra3 Qb7 30. Ba6 Qd7 31. Nxe7 Kxe7 32. Bb5 Qd8 33. Ra7+ Kf8 34.
f5 Rg7 35. Qxd6+ Qxd6 36. Rxd6 Rg4 37. Rxf6 1-0

[Event "29. Schweinfurt Open"]
[Site "Schweinfurt"]
[Date "2019.06.21"]
[Round "3.10"]
[White "Reinl, Fred"]
[Black "Markwardt, Sven"]
[Result "1-0"]
[WhiteElo "1961"]
[BlackElo "1729"]
[PlyCount "106"]
[EventDate "2019.??.??"]
[WhiteTeam "SK Schweinfurt 2000"]
[BlackTeam "SK Schweinfurt 2000"]

1. e4 e5 2. Nf3 Nf6 3. Nc3 Bb4 4. Nd5 Bd6 5. d4 Nxd5 6. exd5 O-O 7. dxe5 Re8 8.
Bd3 Bxe5 9. O-O Bf6 10. c4 d6 11. Bc2 Nd7 12. Qd3 g6 13. Rb1 Ne5 14. Nxe5 Bxe5
15. f4 Bf5 16. Qd1 Bxc2 17. Qxc2 Bd4+ 18. Kh1 f5 19. Qd3 Qf6 20. Bd2 Re4 21.
Rfe1 Rae8 22. Rxe4 Rxe4 23. h3 Qh4 24. Rf1 b6 25. b4 Kf7 26. a4 Qh5 27. Rf3 Qh4
28. Kh2 Qe7 29. Bc3 Qf6 30. Bd2 Bb2 31. c5 Rd4 32. Qc2 Rxd5 33. cxb6 axb6 34.
Qxc7+ Qe7 35. Qc4 Qb7 36. Rd3 Ke6 37. a5 bxa5 38. bxa5 Qb5 39. Qc8+ Kf7 40.
Qc7+ Kf6 41. Qd8+ Kf7 42. Re3 Be5 43. fxe5 dxe5 44. Qc7+ Rd7 45. Qc3 e4 46. Be1
Rd1 47. Qc7+ Rd7 48. Qb6 Qe5+ 49. Kg1 f4 50. Qb3+ Rd5 51. Bc3 Qf5 52. Re1 Ke7
53. Qb7+ Rd7 1-0

[Event "29. Schweinfurt Open"]
[Site "Schweinfurt"]
[Date "2019.06.21"]
[Round "3.11"]
[White "Wiener, Horst"]
[Black "Peuckert, Ruediger"]
[Result "1/2-1/2"]
[WhiteElo "1943"]
[BlackElo "1783"]
[PlyCount "29"]
[EventDate "2019.??.??"]
[WhiteTeam "SK Schweinfurt 2000"]
[BlackTeam "SK Schweinfurt 2000"]

1. d4 Nf6 2. Bf4 d5 3. e3 Bf5 4. c3 e6 5. Qb3 Qc8 6. Nf3 Nbd7 7. Nbd2 Be7 8.
Nh4 Bg4 9. f3 Bh5 10. g3 h6 11. Ng2 g5 12. Be5 Nxe5 13. dxe5 Nd7 14. f4 Nc5 15.
Qc2 1/2-1/2

[Event "29. Schweinfurt Open"]
[Site "Schweinfurt"]
[Date "2019.06.21"]
[Round "3.12"]
[White "Bussard, Christian"]
[Black "Wilm, Konrad"]
[Result "1-0"]
[WhiteElo "2285"]
[BlackElo "1735"]
[PlyCount "73"]
[EventDate "2019.??.??"]
[WhiteTeam "SG Niederkassel"]
[BlackTeam "SK Arnstein"]

1. e4 e5 2. Nf3 Nc6 3. Bc4 Bc5 4. O-O Nf6 5. d3 d6 6. c3 O-O 7. h3 Be6 8. Bb3
Bb6 9. Re1 h6 10. Nbd2 a6 11. Nf1 Ne7 12. Bc2 Ng6 13. d4 c6 14. Be3 Bc7 15. Ng3
Re8 16. Nf5 Nh7 17. d5 Bd7 18. dxc6 Bxc6 19. Qd2 Qf6 20. Rad1 Rad8 21. Qc1 d5
22. Ng3 Nf4 23. Bxf4 exf4 24. Nh5 Qg6 25. Nxf4 Qf6 26. Nxd5 Bxd5 27. Rxd5 Rxd5
28. exd5 Rd8 29. Bxh7+ Kxh7 30. Qc2+ g6 31. Qe4 Bd6 32. Qh4 Kg7 33. Qxf6+ Kxf6
34. Kf1 Rd7 35. c4 Bc5 36. Nd2 a5 37. Ne4+ 1-0

[Event "29. Schweinfurt Open"]
[Site "Schweinfurt"]
[Date "2019.06.21"]
[Round "3.13"]
[White "Kuhn, Norbert"]
[Black "Brux, Juergen"]
[Result "1-0"]
[WhiteElo "2045"]
[BlackElo "1731"]
[PlyCount "39"]
[EventDate "2019.??.??"]
[WhiteTeam "SV Würzburg"]
[BlackTeam "DT Münnerstadt"]

1. e4 c5 2. Nf3 d6 3. Bb5+ Bd7 4. Bxd7+ Nxd7 5. O-O Ngf6 6. Qe2 g6 7. c3 Bg7 8.
d4 cxd4 9. cxd4 e5 10. Nc3 O-O 11. Rd1 Qe7 12. Bg5 Rfe8 13. Nd5 Qd8 14. dxe5
Nxe5 15. Rac1 Nc6 16. e5 h6 17. Qb5 Nxe5 18. Bxf6 Nxf3+ 19. gxf3 Bxf6 20. Qxe8+
1-0

[Event "29. Schweinfurt Open"]
[Site "Schweinfurt"]
[Date "2019.06.21"]
[Round "3.14"]
[White "Langguth, Rolf"]
[Black "Cebulla, Martin"]
[Result "1-0"]
[WhiteElo "1927"]
[BlackElo "1716"]
[PlyCount "101"]
[EventDate "2019.??.??"]
[WhiteTeam "SK Schweinfurt 2000"]
[BlackTeam "SV Würzburg"]

1. c4 e5 2. Nc3 Nf6 3. d3 Nc6 4. Nf3 d5 5. cxd5 Nxd5 6. g3 g6 7. Bd2 Bg7 8. Qb3
Nb6 9. Bg2 O-O 10. O-O Bg4 11. Be3 Kh8 12. Qd1 Nd4 13. Nd2 c6 14. h3 Be6 15.
Nde4 Nd5 16. Bd2 Nxc3 17. bxc3 Nf5 18. Nc5 Qe7 19. Nxe6 Qxe6 20. Qa4 Nd6 21.
Rab1 f5 22. c4 e4 23. Bb4 Rf7 24. Qa3 Be5 25. d4 Nxc4 26. Qc3 Bd6 27. d5+ Qe5
28. Qxc4 cxd5 29. Bxd6 Qxd6 30. Qd4+ Kg8 31. Rfd1 Rd8 32. Qxa7 Rdd7 33. e3 g5
34. Qd4 f4 35. Bxe4 fxg3 36. Bxd5 gxf2+ 37. Kf1 Qa6+ 38. Rd3 Kf8 39. Rbd1 g4
40. hxg4 Rg7 41. Kxf2 Rgf7+ 42. Kg2 Rg7 43. Rf1+ Ke8 44. Qe5+ Rde7 45. Qb8+ Kd7
46. Bxb7+ Qxd3 47. Bc8+ Ke8 48. Be6+ Qd8 49. Rf8+ Kxf8 50. Qxd8+ Re8 51. Qf6+
1-0

[Event "29. Schweinfurt Open"]
[Site "Schweinfurt"]
[Date "2019.06.21"]
[Round "3.15"]
[White "Brueckner, Alexander"]
[Black "Brodt, Andreas"]
[Result "1-0"]
[WhiteElo "1875"]
[BlackElo "1696"]
[PlyCount "113"]
[EventDate "2019.??.??"]
[WhiteTeam "SF Augsburg / SW"]
[BlackTeam "SK Schweinfurt 2000"]

1. e4 c5 2. Nc3 e6 3. g3 Nc6 4. Bg2 Nf6 5. f4 d6 6. d3 h6 7. h3 Be7 8. Nf3 a6
9. O-O Bd7 10. Be3 Qc7 11. Kh2 g5 12. fxg5 hxg5 13. Nxg5 Ne5 14. Bf4 Nfg4+ 15.
Kg1 Bxg5 16. Bxg5 f6 17. Bf4 Nh6 18. Bxe5 dxe5 19. Rxf6 Ng8 20. Rf2 O-O-O 21.
Qd2 Nh6 22. Rf6 Ng8 23. Rf7 Qd6 24. Raf1 Nh6 25. R7f6 Ng8 26. R6f3 Ne7 27. Qf2
Nc6 28. Ne2 Rhg8 29. g4 Ne7 30. Qg3 Nc6 31. Kh2 Qe7 32. h4 Rh8 33. g5 Rdg8 34.
Bh3 Qh7 35. Rf7 Qxh4 36. Qxh4 Rxh4 37. Rf8+ Rxf8 38. Rxf8+ Nd8 39. g6 Rh6 40.
g7 Rg6 41. g8=Q Rxg8 42. Rxg8 Kc7 43. Rg7 Kd6 44. Ng1 Nc6 45. c3 b5 46. Nf3 b4
47. Ng5 Nd8 48. Nf7+ Nxf7 49. Rxf7 a5 50. Kg3 bxc3 51. bxc3 Ba4 52. Rf6 Bc2 53.
Rxe6+ Kc7 54. Bf1 c4 55. dxc4 Bxe4 56. Rxe5 Bb1 57. Rxa5 1-0

[Event "29. Schweinfurt Open"]
[Site "Schweinfurt"]
[Date "2019.06.21"]
[Round "3.16"]
[White "Reichert, Claudia"]
[Black "Heiduk, Christoph"]
[Result "0-1"]
[WhiteElo "1682"]
[BlackElo "1875"]
[PlyCount "66"]
[EventDate "2019.??.??"]
[WhiteTeam "DT Münnerstadt"]
[BlackTeam "SC Bayerwald Regen/Zwiesel"]

1. c4 Nf6 2. Nc3 e6 3. d3 d5 4. Bg5 Be7 5. g3 O-O 6. Bg2 c6 7. Nf3 Nbd7 8. O-O
Nb6 9. cxd5 exd5 10. e4 d4 11. Ne2 c5 12. Rc1 Nbd7 13. Nh4 h6 14. Bd2 Ne5 15.
Bf4 Nc6 16. Nf3 Be6 17. a3 Qb6 18. Qd2 Na5 19. Rb1 Ba2 20. Rbd1 Nb3 21. Qc2 Na5
22. Nc1 Be6 23. Ne5 Qa6 24. Rfe1 Rac8 25. Bd2 b5 26. Bf1 Rfd8 27. f4 Bd6 28.
Nf3 Bg4 29. Be2 Bf8 30. Nb3 Nxb3 31. Qxb3 c4 32. dxc4 bxc4 33. Qa2 d3 0-1

[Event "29. Schweinfurt Open"]
[Site "Schweinfurt"]
[Date "2019.06.21"]
[Round "3.17"]
[White "Koehler, Michael"]
[Black "Bombe, Bernhard"]
[Result "0-1"]
[WhiteElo "1625"]
[BlackElo "1845"]
[PlyCount "112"]
[EventDate "2019.??.??"]
[WhiteTeam "SC Prichsenstadt"]
[BlackTeam "SK Tarrasch München"]

1. d4 Nf6 2. c4 e6 3. Nf3 b6 4. g3 Bb7 5. Bg2 Bb4+ 6. Bd2 Be7 7. O-O O-O 8. Nc3
c5 9. e3 Ne4 10. Qc2 f5 11. Rad1 d5 12. dxc5 bxc5 13. cxd5 exd5 14. Qb3 Nxc3
15. Bxc3 Qb6 16. Qxb6 axb6 17. a3 Nd7 18. Ne5 Nf6 19. Rc1 Rfd8 20. Rfd1 Ne4 21.
Nf3 Nxc3 22. Rxc3 Bf6 23. Rc2 d4 24. exd4 cxd4 25. Rcd2 Ra4 26. Ne1 Be4 27. Nc2
Rc4 28. Nb4 g5 29. Re1 Bxg2 30. Kxg2 Kf7 31. Red1 g4 32. Nd3 Rc7 33. Re2 Re7
34. Rde1 Rde8 35. Rxe7+ Rxe7 36. Rxe7+ Kxe7 37. f3 Kd6 38. h3 h5 39. hxg4 hxg4
40. fxg4 fxg4 41. Nf2 Kd5 42. Nxg4 Bg5 43. Nf2 Kc4 44. Kf3 Bc1 45. Nd1 Kd3 46.
g4 Kc2 47. Ke2 d3+ 48. Ke1 Bd2+ 49. Kf2 Kxd1 50. Kf3 Bh6 51. b4 d2 52. a4 Kc2
53. a5 d1=Q+ 54. Ke4 Qxg4+ 55. Kd5 Qxb4 56. a6 Qa4 0-1

[Event "29. Schweinfurt Open"]
[Site "Schweinfurt"]
[Date "2019.06.21"]
[Round "3.18"]
[White "Perez Celis, Alba"]
[Black "Braetz, Yannick"]
[Result "1-0"]
[WhiteElo "1822"]
[BlackElo "1669"]
[PlyCount "75"]
[EventDate "2019.??.??"]
[WhiteTeam "SV Malchow / NES"]
[BlackTeam "SK Schweinfurt 2000"]

1. e4 e5 2. Nf3 Nc6 3. d4 exd4 4. Nxd4 Bc5 5. Be3 Qf6 6. c3 Nge7 7. Bc4 Ne5 8.
Be2 Qg6 9. O-O d5 10. Nb5 Bb6 11. Bxb6 Qxb6 12. exd5 a6 13. Nxc7+ Qxc7 14. d6
Qd7 15. dxe7 Qxe7 16. f4 Qc5+ 17. Kh1 Nc4 18. Bxc4 Qxc4 19. Re1+ Be6 20. f5 Rd8
21. Qc2 O-O 22. fxe6 fxe6 23. Na3 Qc5 24. Rxe6 Qf2 25. Qxf2 Rxf2 26. Rb6 Rdd2
27. Nc4 Rde2 28. Rg1 Rf4 29. Na5 Ra4 30. Nxb7 Rxa2 31. Nd6 Rexb2 32. Rxb2 Rxb2
33. c4 Rc2 34. h3 Rd2 35. c5 Rd5 36. Re1 h6 37. Re8+ Kh7 38. c6 1-0

[Event "29. Schweinfurt Open"]
[Site "Schweinfurt"]
[Date "2019.06.21"]
[Round "3.19"]
[White "Kwossek, Martin"]
[Black "Roth, Ludwig"]
[Result "1-0"]
[WhiteElo "1800"]
[BlackElo "1562"]
[PlyCount "103"]
[EventDate "2019.??.??"]
[WhiteTeam "SC Kitzingen"]
[BlackTeam "Spvgg Stetten"]

1. d4 Nf6 2. Nf3 g6 3. Bf4 Bg7 4. e3 O-O 5. Be2 d6 6. Nbd2 Nc6 7. h3 Re8 8. O-O
e5 9. dxe5 dxe5 10. Bg5 Qe7 11. c3 Be6 12. Bb5 h6 13. Bh4 g5 14. Bg3 Nd7 15.
Bxc6 bxc6 16. e4 Rad8 17. Qc2 Rf8 18. Rfe1 Kh8 19. Qa4 Qc5 20. Rac1 Qb6 21. b4
f6 22. a3 h5 23. Qc2 Bh6 24. Rcd1 Rg8 25. c4 c5 26. Qc3 Nb8 27. Nb3 Rxd1 28.
Rxd1 cxb4 29. axb4 h4 30. Bxe5 fxe5 31. Qxe5+ Kh7 32. Nbd4 Bxc4 33. Nf5 Qe6 34.
Qxc7+ Qf7 35. Qd6 Be6 36. Ne5 Qe8 37. Ng4 Rg6 38. Ngxh6 Bxf5 39. Qc5 Kxh6 40.
exf5 Rf6 41. Qc7 Nc6 42. b5 Ne5 43. Rd8 Qf7 44. Qxe5 Kh7 45. Re8 Kh6 46. Re6
Rxe6 47. fxe6 Qe7 48. Qf5 Qd8 49. Qf3 Qe7 50. g3 hxg3 51. fxg3 Qxe6 52. Qc6 1-0

[Event "29. Schweinfurt Open"]
[Site "Schweinfurt"]
[Date "2019.06.21"]
[Round "3.20"]
[White "Dosch, Stefan"]
[Black "Maar, Felicitas"]
[Result "1-0"]
[WhiteElo "1782"]
[BlackElo "1609"]
[PlyCount "105"]
[EventDate "2019.??.??"]
[WhiteTeam "SK Buchen-Walldürn"]
[BlackTeam "Mündener SC"]

1. e4 e5 2. Nf3 Nc6 3. Bc4 Bc5 4. O-O Nf6 5. b4 Bxb4 6. d4 Nxd4 7. Nxe5 Ne6 8.
Nd3 Ba5 9. e5 Ne4 10. Bxe6 dxe6 11. Qg4 Qd4 12. Bb2 Bc3 13. Nxc3 Nxc3 14. Qxd4
Ne2+ 15. Kh1 Nxd4 16. Bxd4 b6 17. Bb2 c5 18. c4 O-O 19. f4 Rd8 20. Nf2 Ba6 21.
Rfd1 Bxc4 22. a3 Be2 23. Rd6 Bc4 24. Rxd8+ Rxd8 25. Rd1 Rxd1+ 26. Nxd1 Bb3 27.
Nc3 a6 28. Kg1 Kf8 29. Kf2 Ke7 30. Ke3 f6 31. exf6+ gxf6 32. Ne4 f5 33. Nf6 b5
34. Nxh7 a5 35. Ng5 b4 36. Nf3 c4 37. Nd4 Ba4 38. Ne2 Bc6 39. g3 c3 40. Bc1 Be4
41. g4 Bc6 42. g5 Be8 43. h4 Kd6 44. Kd4 Bh5 45. Ng3 Bf7 46. h5 b3 47. Kxc3 a4
48. g6 Be8 49. Kd4 Ke7 50. Ke5 Bd7 51. h6 Kf8 52. Nh5 Be8 53. g7+ 1-0

[Event "29. Schweinfurt Open"]
[Site "Schweinfurt"]
[Date "2019.06.21"]
[Round "3.21"]
[White "Blank, Stefan"]
[Black "Leichum, Engelbert"]
[Result "1-0"]
[WhiteElo "1752"]
[BlackElo "1601"]
[PlyCount "77"]
[EventDate "2019.??.??"]
[WhiteTeam "SC Sulzbach"]
[BlackTeam "(vls) Frankfurt"]

1. e4 d5 2. exd5 Nf6 3. Bb5+ Bd7 4. Bc4 b5 5. Bb3 Bg4 6. f3 Bc8 7. Qe2 a6 8. c4
bxc4 9. Qxc4 Bb7 10. Nc3 Nbd7 11. d6 Ne5 12. Qxc7 Qxc7 13. dxc7 Nd3+ 14. Ke2
Nf4+ 15. Kf2 e6 16. Ba4+ Nd7 17. d4 Bd6 18. Bxf4 Bxf4 19. Nge2 Bxc7 20. Ne4 Ke7
21. Bxd7 Kxd7 22. Nc5+ Kc8 23. Rac1 Ra7 24. b4 Kd8 25. Rc2 Ba8 26. Rhc1 Bd6 27.
Nxe6+ Ke7 28. Nxg7 Kf6 29. Nh5+ Kg5 30. Nhg3 f5 31. a3 h5 32. h4+ Kg6 33. Nf1
f4 34. Nd2 Be7 35. Nxf4+ Kf5 36. g3 Rg8 37. Rc7 Rxc7 38. Rxc7 Bd6 39. Rf7# 1-0